Το πνεύμα του συνεργατισμού των νεωτέρων Ελλήνων και τ' Αμπελάκια ο πρώτος συνεταιρισμός του κόσμου
Αποθηκεύτηκε σε:
| Κύριος συγγραφέας: | |
|---|---|
| Μορφή: | Βιβλίο |
| Γλώσσα: | Greek |
| Δημοσίευση: |
Αθήνα :
1948.
|
| Θέματα: | |
| Ετικέτες: |
Προσθήκη ετικέτας
Δεν υπάρχουν, Καταχωρήστε ετικέτα πρώτοι!
|
MARC
| LEADER | 00000cam a2200000 i 4500 | ||
|---|---|---|---|
| 001 | 1/98724 | ||
| 008 | 950320s1948 gr | ||| |||| ||gre|| | ||
| 035 | |l 10011038 | ||
| 040 | |a GR-MyUa |b gre |e AACR2 | ||
| 041 | 0 | |a gre | |
| 082 | 7 | |a 334.683094954 |2 (22) | |
| 100 | 1 | |a Κουκκίδης, Κωνσταντίνος, |d 1891-1974. | |
| 245 | 1 | 3 | |a Το πνεύμα του συνεργατισμού των νεωτέρων Ελλήνων και τ' Αμπελάκια ο πρώτος συνεταιρισμός του κόσμου / |c Κων. Κουκκίδη. |
| 260 | |a Αθήνα : |c 1948. | ||
| 300 | |a 245 σ. : |b εικ. ; |c 22 εκ. | ||
| 504 | |a Περιέχει βιβλιογραφία, ευρετήριο: σ.239-245. | ||
| 650 | 0 | |a Agriculture, Cooperative |z Greece |z Ampelakia. | |
| 650 | 0 | |a Cotton yarn industry |z Greece |z Ampelakia |x History. | |
| 650 | 0 | |a Producer cooperatives |z Greece |z Ampelakia |x History. | |
| 650 | 0 | |a Cooperation |z Greece |z Ampelakia. | |
| 852 | |a INST |b LESVOS |e 19950320 |h 334.683094954 ΚΟΥ |p 005100002249 |q 005100002249 |t BK |y 4 |x 20220407 | ||
| 970 | |z 2000/05/ΟΙΚΟΝΟΜΟΠΟΥΛΟΥ ΧΡΙΣΤΙΝΑ | ||